Sportifs Tchèques masculins-Mort subite - Statistiques

Statistiques générales
  • Ce quiz a été pris 33 fois
  • Le résultat moyen est 6 sur 26
Answers on the Grid
Answers color-coded by a green-red scale on the quiz's grid according to % correct below.
Tomás Berdych
Vasek Pospisil
Jakub Mensik
Aleksandar Kovacević
Pavel Nedved
Filip Kostić
Patrik Schick
Kamil Grosicki
Jan Hirt
Derek Gee
Jaromír Jágr
Ryan Suter
Dominik Hasek
Petr Korda
Sebastian Korda
Petr Cech
Benoît Trémoulinas
Jirí Vesely
Norbert Gombos
Tomás Rosicky
Eljif Elmas
Roman Kreuziger
Steven Kruijswijk
Zdenek Stybar
Sven Bystrøm
Tomás Dvorák
Josip Brekalo
Tomás Satoransky
Filip Forsberg
Karel Linz
Nikola Jokić
Jirí Procházka
Matej Mohorič
Tomás Enge
Nico Hülkenberg
Ondrej Moravec
Aleksandar Rakić
Jirí Lehečka
Stanislav Lobotka
Tomás Machác
Darko Stosić
Mathias Vacek
Matej Smrz
Lukás Krpálek
Vlatko Cančar
Jakub Holusa
Adam Obert
Karel Abraham
Robert Bozeník
Vit Kopriva
 
Statistiques - réponses
Réponse % Correct
Petr Cech
58%
Pavel Nedved
54%
Jirí Lehečka
46%
Jakub Mensik
38%
Patrik Schick
38%
Tomás Berdych
38%
Tomás Rosicky
38%
Jirí Vesely
31%
Tomás Machác
31%
Mathias Vacek
27%
Petr Korda
23%
Jirí Procházka
19%
Lukás Krpálek
19%
Jan Hirt
15%
Ondrej Moravec
15%
Roman Kreuziger
15%
Dominik Hasek
12%
Zdenek Stybar
12%
Tomás Dvorák
8%
Tomás Enge
8%
Tomás Satoransky
8%
Vit Kopriva
8%
Jaromír Jágr
4%
Karel Abraham
4%
Karel Linz
4%
Jakub Holusa
0%
Aucun quiz correspondant
Distribution des résultats
% des personnes avec chaque résultat
Percentile par nombre de réponses
Votre historique - résultats
Vous n’avez pas pris ce quiz